000 00748cam a22002411 4500
001 38085
003 (BD-RjUL)
005 20211209052724.0
008 720418s1961 nyua b 000 0 eng
035 _a(BD-RjUL)
040 _aDLC
_c(BD-RjUL)
_dDLC
082 _a621.3801519
_223
_bHAI 1961
100 1 _aHancock, John C.,
_9117898
245 0 3 _aAn introduction to the principles of communication theory.
260 _aNew York,
_bMcGraw-Hill,
_cc1961.
300 _ax, 253 p.
_billus.
_c24 cm.
504 _aIncludes bibliography.
650 0 _aTelecommunication.
_9117900
650 0 _aInformation theory.
_9117901
942 _2ddc
_cBK
999 _c38085
_d38085